000 01278nam a2200349 i 4500
003 EG-GICUC
005 20260121101424.0
008 251203s2004 ua ||||fr|||| 000 0 ara d
017 _a2004/16033
020 _a977-04-4548-7
040 _a EG-GICUC
_bara
_c EG-GICUC
_d EG-GICUC
_erda
041 _aara
082 0 4 _221
_a343.552
_bع ا . و
092 0 4 _221
099 _aLaw1 10 343.552 ع ا . و 1 - ed 2004
100 0 _aعادل يحيى
_eمؤلف.
245 1 0 _aوسائل التعاون الدولي في تنفيذ الأحكام الجنائية الأجنبية /
_cعادل يحيى.
250 _aالطبعة الاولى
264 1 _aاالقاهرة :
_bدار النهضة العربية,
_c2004.
300 _a202 صفحة ؛
_c24 سم.
336 _2rda content
_atext
337 _2rda media
_aComputer
338 _2rda carrier
_aOnline Resource
504 _a. 196-186 ببليوجرافيا: صفحات.
546 _aالنص باللغة العربية
650 1 4 _aتنفيذ الأحكام الجنائية الأجنبية
_2qrmak
650 1 4 _aالقضاء الجنائي الدولي
651 1 _2qrmak
856 4 0 _uhttps://fll.law.cu.edu.eg/fulltext/bks/B10-06710.pdf
905 _a5
_eHassnaa
942 _2ddc
_cBK
_e21
_n0
999 _c48119
_d48119